Normal view
MARC view
- Nik Abdul Rashid Bin Nik Abdul Majid
Entry Personal Name
001 - CONTROL NUMBER
- control field: 4071
003 - CONTROL NUMBER IDENTIFIER
- control field: OSt
005 - DATE AND TIME OF LATEST TRANSACTION
- control field: 20170512154817.0
008 - FIXED-LENGTH DATA ELEMENTS
- fixed length control field: 170512|| aca||aabn | a|a d
040 ## - CATALOGING SOURCE
- Original cataloging agency: OSt
- Transcribing agency: OSt
100 ## - HEADING--PERSONAL NAME
- Personal name: Nik Abdul Rashid Bin Nik Abdul Majid
670 ## - SOURCE DATA FOUND
- Source citation: Work cat.: (OSt): Nik Abdul Rashid Bin Nik Abdul Majid, Satu Abad Majlis Raja-Raja, 1998

PORTAL AKMAL
E-MEL JKDM
AKMAL2U
G-BAM
u-PUSTAKA